Statistics for Badly Explained #3 - TV Shows

Click here to take the quiz!

General Stats

  • This quiz has been taken 8 times
  • The average score is 1 of 12

Answer Stats

PlotShow% Correct
Girl invents sitcom with fake husbandWandaVision
75%
Poor people play kids gamesSquid Game
38%
Country people don't like the big cityBig City Greens
13%
Sister does not like it when boys invent thingsPhineas and Ferb
13%
Green guy and Power Rangers fight piratesBoba Fett
0%
3 brain man fight with a god with the help of a godMoon Knight
0%
Black man and henchmen hunt down old warriorObi-Wan Kenobi
0%
Girl drive with angry man and she get angry tooSheHulk
0%
Outcasts and girl fight themselvesThe Bad Batch
0%
Same people fight same robotsThe Clone Wars
0%
2 men fight over frisbeeThe Falcon and the Winter Soldier
0%
Silver man save magic frog from scientistsThe Mandalorian
0%

Score Distribution

Percentile by Number Answered

Percent of People with Each Score

Your Score History

You have not taken this quiz